Top 100 Artists Of All Time - Statistics

General Stats
  • This quiz has been taken 50 times
  • The average score is 50 of 100
Answer Stats
Rank Most Streamed Song Answer % Correct
52. Bohemian Rhapsody Queen
98%
1. Here Comes The Sun The Beatles
98%
35. Billie Jean Michael Jackson
95%
3. Can't Help Falling in Love Elvis Presley
86%
61. Enter Sandman Metallica
86%
4. Paint It, Black The Rolling Stones
86%
56. Still D.R.E. Dr. Dre
84%
92. Sweet Child O' Mine Guns n' Roses
84%
30. Smells Like Teen Spirit Nirvana
84%
27. Purple Rain Prince
84%
75. Hotel California Eagles
82%
14. Stairway to Heaven Led Zeppelin
82%
72. Highway to Hell AC/DC
80%
59. Dream On Aerosmith
77%
2. Knockin' On Heaven's Door Bob Dylan
77%
51. Another Brick in the Wall, Pt. 2 Pink Floyd
77%
70. Every Breath You Take The Police
77%
38. Imagine John Lennon
75%
36. Like a Prayer Madonna
75%
39. Under Pressure David Bowie
70%
7. I Feel Good James Brown
70%
12. Wouldn't It Be Nice The Beach Boys
70%
6. All Along the Watchtower Jimi Hendrix
68%
95. Sweet Home Alabama Lynyrd Skynyrd
68%
73. Creep Radiohead
68%
97. Losing My Religion R.E.M.
68%
29. Baba O'Riley The Who
68%
5. Johnny B. Good Chuck Berry
66%
10. Hit the Road Jack Ray Charles
66%
15. Signed, Sealed, Delivered Stevie Wonder
66%
40. Mrs. Robinson Simon and Garfunkel
64%
41. Riders on the Storm The Doors
64%
63. What's Love Got to Do with It Tina Turner
64%
23. Dancing In the Dark Bruce Springsteen
61%
18. Ain't No Mountain High Enough Marvin Gaye
61%
86. California Love Tupac Shakur
61%
9. I Say a Little Prayer Aretha Franklin
59%
49. Cold Heart - PNAU Remix Elton John
59%
8. Tutti Frutti Little Richard
59%
28. Should I Stay or Should I Go? The Clash
59%
85. Paranoid Black Sabbath
57%
60. Anarchy in the U.K. Sex Pistols
57%
22. With Or Without You U2
57%
31. Hurt Johnny Cash
55%
65. You Really Got Me The Kinks
55%
26. Blitzkrieg Bop The Ramones
55%
91. Free Fallin' Tom Petty
55%
42. Brown Eyed Girl Van Morrison
55%
66. Let's Stay Together Al Green
52%
82. Have You Ever Seen The Rain Creedence Clearwater Revival
52%
37. Oh, Pretty Woman Roy Orbison
52%
11. Could You Be Loved Bob Marley
50%
83. Without Me Eminem
50%
55. Wonderful Tonight Eric Clapton
50%
88. Ni**as In Paris Jay-Z
50%
24. Great Balls Of Fire Jerry Lee Lewis
48%
34. Heart of Gold Neil Young
48%
48. Walk This Way Run-D.M.C.
48%
68. My Girl The Temptations
48%
67. Sunshine Of Your Love Cream
45%
100. Psycho Killer Talking Heads
45%
46. Me and Bobby McGee Janis Joplin
43%
47. Because the Night Patti Smith
43%
77. Sabotage The Beastie Boys
43%
25. Blueberry Hill Fats Domino
41%
62. Big Yellow Taxi Joni Mitchell
41%
45. Turn! Turn! Turn! The Byrds
41%
32. The Tracks Of My Tears Smokey Robinson & The Miracles
39%
94. Closer Nine Inch Nails
34%
43. Everyday People Sly & The Family Stone
34%
50. The Weight The Band
34%
21. (Sittin' On) the Dock of the Bay - Mono Otis Redding
32%
79. I Can't Help Myself The Four Tops
32%
13. Everyday Buddy Holly
30%
90. Maria Maria Carlos Santana
30%
16. Wonderful World Sam Cooke
30%
78. I Wanna Be Your Dog The Stooges
30%
99. Blue Suede Shoes Carl Perkins
27%
19. Pale Blue Eyes The Velvet Underground
27%
74. Hey, Good Lookin' Hank Williams
25%
84. Fire and Rain James Taylor
25%
33. All I Have to Do Is Dream The Everly Brothers
25%
53. Midnight Rider The Allman Brothers Band
23%
57. Friend of the Devil Grateful Dead
20%
17. Mannish Boy Muddy Waters
20%
93. Green Onions Booker T. and the MGs
18%
98. Move on Up Curtis Mayfield
16%
44. Harder Than You Think Public Enemy
16%
76. Will You Love Me Tomorrow The Shirelles
16%
58. Can You Get To That Funkadelic
14%
54. Smokestack Lightnin' Howlin' Wolf
14%
80. She Elvis Costello
11%
71. Bobby Brown Goes Down Frank Zappa
11%
89 Heart Full of Soul The Yardbirds
11%
20. I'm A Man Bo Diddley
9%
96. You Can't Hurry Love Diana Ross and the Supremes
9%
69. (Your Love Keeps Lifting Me) Higher & Higher Jackie Wilson
9%
87. Love Hurts Gram Parsons
2%
64. Silent Night Phil Spector
2%
81. Under the Boardwalk The Shifters
0%
No matching quizzes found
Score Distribution
Percent of People with Each Score
Percentile by Number Answered
Your Score History
You have not taken this quiz